00613cam a2200205ua 45000010005000000080039000050200015000440400009000590410008000680820008000761000033000842450074001172500009001912600032002003000010002326530021002429420007002639990015002709520122002857068141122n ii |||gr||||Z||||||eng a8176637572 cMAIN aeng a330 aDhar, Pranab Kumar,eAuthor.1 aIndian economy : bIts growing dimensions / cBy Pranab Kumar Dhar .  a3rd. aNew Delhi:bKalyani,c2002. a647p. aIndian economics cBK c6197d6197 00104070aMAINbMAINcGENd2020-09-19l16o330.954 | DHAp17693r2024-05-09 06:47:08s2024-03-22t1w2020-09-19yBK